[Event "CAN op"]
[Site "Calgary CAN"]
[Date "2023.07.23"]
[Round "2.60"]
[White "Radic, Dejan"]
[Black "Todd, Nick"]
[Result "0-1"]
[WhiteElo "1746"]
[BlackElo "1525"]
[PlyCount "108"]
[EventDate "2023.07.22"]
[EventType "swiss"]
[EventRounds "10"]
[EventCountry "CAN"]

1. e4 c5 2. Nc3 d6 3. f4 Nc6 4. Nf3 Nf6 5. Bb5 g6 6. d3 Qc7 7. O-O Bg7 8. Qe1
O-O 9. Bxc6 bxc6 10. f5 gxf5 11. Qh4 fxe4 12. dxe4 Bg4 13. Bh6 Bh5 14. Bxg7
Kxg7 15. Rae1 e5 16. Nxe5 dxe5 17. Qxf6+ Kg8 18. Rf5 Bg6 19. Rxe5 Rfe8 20. Rxc5
Re6 21. Qg5 Rae8 22. Nd5 Qd6 23. Nc3 f6 24. Qe3 Rxe4 25. Nxe4 Rxe4 26. Qb3+ Bf7
27. Qg3+ Qxg3 28. hxg3 Rxe1+ 29. Kf2 Re6 30. Ra5 Re7 31. b3 Bd5 32. c4 Be4 33.
Ra6 Kf7 34. Ra5 Kg6 35. b4 Bd3 36. c5 a6 37. Ra3 Bc4 38. Rc3 Bxa2 39. Rc2 Bb1
40. Rb2 Bd3 41. Rd2 Bb5 42. Rb2 Kg5 43. Kf3 f5 44. Kf2 Re4 45. Kf3 h5 46. Rb3
Be2+ 47. Kf2 Kg4 48. Rb2 Bb5 49. Rb3 Re2+ 50. Kg1 Bc4 51. Rc3 Bd5 52. Ra3 Rxg2+
53. Kf1 Rxg3 54. Rxa6 Bc4+ 0-1

[Event "CAN op"]
[Site "Calgary CAN"]
[Date "2023.07.23"]
[Round "3.3"]
[White "Doknjas, Neil"]
[Black "Nyzhnyk, Iliya"]
[Result "0-1"]
[WhiteElo "2297"]
[BlackElo "2642"]
[PlyCount "86"]
[EventDate "2023.07.22"]
[EventType "swiss"]
[EventRounds "10"]
[EventCountry "CAN"]

1. e4 c5 2. Nc3 a6 3. Nf3 d6 4. d4 cxd4 5. Nxd4 Nf6 6. Be3 e5 7. Nb3 Be6 8. f3
h5 9. Nd5 Bxd5 10. exd5 Nbd7 11. Qd2 g6 12. O-O-O Bg7 13. Kb1 Qc7 14. c4 b6 15.
Be2 Nc5 16. Na1 O-O 17. Nc2 Nfd7 18. h3 f5 19. g4 hxg4 20. hxg4 f4 21. Bxc5
Nxc5 22. Bd3 e4 23. Bxe4 Nxe4 24. fxe4 Qxc4 25. Qh2 Rfc8 26. Rc1 Qb5 27. b3 Rc3
28. Rcf1 f3 29. Rf2 Rac8 30. Qh7+ Kf7 31. Rhf1 Rxb3+ 32. axb3 Qxb3+ 33. Kc1
Qb2+ 34. Kd1 Qb1+ 35. Kd2 Qxc2+ 36. Ke3 Qc3+ 37. Kf4 Rh8 38. Qxh8 Bxh8 39. Rxf3
Qe5+ 40. Ke3+ Bf6 41. Rxf6+ Qxf6 42. Rxf6+ Kxf6 43. Kd4 g5 0-1

[Event "CAN op"]
[Site "Calgary CAN"]
[Date "2023.07.23"]
[Round "3.4"]
[White "Gupta, Abhijeet"]
[Black "Khodjimatov, Sherzod"]
[Result "1-0"]
[WhiteElo "2629"]
[BlackElo "2304"]
[PlyCount "81"]
[EventDate "2023.07.22"]
[EventType "swiss"]
[EventRounds "10"]
[EventCountry "CAN"]

1. d4 d5 2. Nf3 Nf6 3. Bf4 c5 4. e3 Nc6 5. Nbd2 Bf5 6. dxc5 e6 7. b4 Nxb4 8.
Bb5+ Nd7 9. Nd4 Bg6 10. N2b3 a6 11. Ba4 Rc8 12. O-O b5 13. cxb6 Qxb6 14. Qd2
Rc4 15. Rab1 Nxa2 16. Na5 Rb4 17. Nc4 dxc4 18. Nf3 Bd3 19. Bxd7+ Kxd7 20. Rbd1
f6 21. Ne1 Ke8 22. Nxd3 cxd3 23. Qxd3 Be7 24. Qd7+ Kf7 25. Rd6 Qb7 26. Qxe6+
Kg6 27. Rd7 Qe4 28. Qxa2 Rd8 29. f3 Qxf4 30. exf4 Bc5+ 31. Kh1 Rxd7 32. Qe6 Rd2
33. Qe8+ Kh6 34. Qc8 Rxc2 35. Qh3+ Kg6 36. Re1 h5 37. g4 hxg4 38. fxg4 Kf7 39.
Qh5+ g6 40. Qh7+ Kf8 41. Qxg6 1-0

[Event "CAN op"]
[Site "Calgary CAN"]
[Date "2023.07.23"]
[Round "3.5"]
[White "Campbell, Ryan"]
[Black "Mikhalevski, Victor"]
[Result "0-1"]
[WhiteElo "2228"]
[BlackElo "2599"]
[PlyCount "70"]
[EventDate "2023.07.22"]
[EventType "swiss"]
[EventRounds "10"]
[EventCountry "CAN"]

1. e4 e5 2. Nf3 Nc6 3. Bb5 a6 4. Ba4 b5 5. Bb3 Na5 6. d4 exd4 7. Qxd4 Bb7 8.
Nc3 d6 9. Qd3 Be7 10. O-O Nf6 11. Nd5 O-O 12. Re1 c5 13. c4 Nxd5 14. exd5 bxc4
15. Bxc4 Bf6 16. Rb1 Nxc4 17. Qxc4 Bc8 18. Qf4 Rb8 19. b3 Rb4 20. Qd2 Bf5 21.
Ba3 Rg4 22. Rbc1 Qd7 23. Rc4 Rxc4 24. bxc4 Qa4 25. Qf4 Bc3 26. Qxf5 Bxe1 27.
Qd3 Bb4 28. Bxb4 Qxb4 29. h4 h6 30. Kh2 Qb2 31. Nd2 Re8 32. f4 Qd4 33. Qxd4
cxd4 34. Kg3 Re3+ 35. Kf2 Ra3 0-1

[Event "CAN op"]
[Site "Calgary CAN"]
[Date "2023.07.23"]
[Round "3.7"]
[White "Mannion, Stephen"]
[Black "Banerjee, Bitan"]
[Result "1/2-1/2"]
[WhiteElo "2203"]
[BlackElo "2495"]
[PlyCount "42"]
[EventDate "2023.07.22"]
[EventType "swiss"]
[EventRounds "10"]
[EventCountry "CAN"]

1. e4 c5 2. Nf3 d6 3. d4 cxd4 4. Nxd4 Nf6 5. Nc3 a6 6. f3 e6 7. Be3 b5 8. a3 h5
9. Qd2 Nbd7 10. O-O-O Bb7 11. Kb1 Rc8 12. Rg1 Nb6 13. Bg5 Be7 14. Be2 Nc4 15.
Bxc4 Rxc4 16. h4 Qb8 17. Nb3 Qc7 18. Bf4 Rc6 19. Ne2 Bc8 20. Na5 Rb6 21. Qc3
Qxc3 1/2-1/2

[Event "CAN op"]
[Site "Calgary CAN"]
[Date "2023.07.23"]
[Round "3.15"]
[White "Gao, Raymond"]
[Black "Tolentino, Patrick Angelo"]
[Result "1/2-1/2"]
[WhiteElo "2222"]
[BlackElo "2201"]
[PlyCount "102"]
[EventDate "2023.07.22"]
[EventType "swiss"]
[EventRounds "10"]
[EventCountry "CAN"]

1. e4 c6 2. Nf3 d5 3. exd5 cxd5 4. Ne5 Nc6 5. d4 Nf6 6. Bb5 Bd7 7. Nxd7 Qxd7 8.
c3 e6 9. Nd2 Bd6 10. O-O O-O 11. Bd3 Rae8 12. Nf3 Ne4 13. Bxe4 dxe4 14. Nd2 f5
15. Re1 e5 16. d5 Ne7 17. c4 Ng6 18. Rb1 Nf4 19. b4 b6 20. Re3 Rc8 21. a4 Nd3
22. a5 Nxb4 23. axb6 axb6 24. Ba3 Nd3 25. Qb3 Rb8 26. Bxd6 Qxd6 27. Qb5 Qc5 28.
Re2 Rfc8 29. Nf1 Qxb5 30. cxb5 Rc5 31. Ne3 g6 32. g4 f4 33. Nf1 Rd8 34. Nd2
Rdxd5 35. Nxe4 Rxb5 36. Rd1 Rd4 37. Red2 Rb3 38. g5 Rxe4 39. Rxd3 Rxd3 40. Rxd3
Rd4 41. Rc3 Rd8 42. Kg2 Rb8 43. Kf3 b5 44. Ke4 b4 45. Rb3 Rb5 46. Kd3 Rd5+ 47.
Ke4 Rb5 48. Kd3 Kf7 49. Kc4 Rb8 50. Kd5 Re8 51. Rxb4 Re7 1/2-1/2

[Event "CAN op"]
[Site "Calgary CAN"]
[Date "2023.07.23"]
[Round "3.16"]
[White "Sharma, Vishruth"]
[Black "Zhang, Michelle"]
[Result "0-1"]
[WhiteElo "2198"]
[BlackElo "1734"]
[PlyCount "120"]
[EventDate "2023.07.22"]
[EventType "swiss"]
[EventRounds "10"]
[EventCountry "CAN"]

1. e4 c6 2. d4 d5 3. e5 Bf5 4. h4 Qa5+ 5. Nc3 h5 6. Be3 e6 7. a3 Nd7 8. Bd3 Ne7
9. Nge2 Bxd3 10. Qxd3 Nf5 11. g3 c5 12. O-O cxd4 13. Bxd4 Nxd4 14. Qxd4 Bc5 15.
Qf4 Qd8 16. Nd4 O-O 17. Rfe1 Rc8 18. Rad1 Nb6 19. Ndb5 a6 20. Ne4 Be7 21. Nbc3
Nc4 22. Rd4 Nxb2 23. Rb1 Rc4 24. Rxb2 Rxd4 25. Nf6+ gxf6 26. Qxd4 fxe5 27. Qxe5
Bf6 28. Qe1 Qc7 29. Rb3 Rc8 30. Ne2 b5 31. Rb1 Qc4 32. Nf4 Qxc2 33. Nxh5 Bc3
34. Qf1 d4 35. Rc1 Qf5 36. Nf4 a5 37. Qd3 Qxd3 38. Nxd3 Rc4 39. Rb1 Ra4 40.
Rxb5 Rxa3 41. Kg2 Ra2 42. Kf3 a4 43. Rb8+ Kg7 44. Ra8 a3 45. Ra7 Rd2 46. Nc1
Rc2 47. Nb3 a2 48. h5 d3 49. g4 d2 50. Ke2 Rc1 51. Nxd2 a1=Q 52. Rxa1 Rxa1 53.
Ne4 Bd4 54. f4 Ra3 55. Nd6 Rg3 56. f5 Rxg4 57. h6+ Kf6 58. h7 Rh4 59. fxe6 Kxe6
60. Ne4 Rxe4+ 0-1

[Event "CAN op"]
[Site "Calgary CAN"]
[Date "2023.07.23"]
[Round "3.17"]
[White "Murali, Dhruv"]
[Black "He, Matthew"]
[Result "0-1"]
[WhiteElo "1560"]
[BlackElo "2140"]
[PlyCount "72"]
[EventDate "2023.07.22"]
[EventType "swiss"]
[EventRounds "10"]
[EventCountry "CAN"]

1. b3 e5 2. Bb2 Nc6 3. e3 Nf6 4. d4 exd4 5. exd4 d5 6. Nf3 g6 7. a3 Bg7 8. Bd3
O-O 9. O-O Re8 10. Re1 Ne4 11. Nbd2 Bf5 12. Re2 Bh6 13. Qe1 Nxd2 14. Nxd2 Bxd3
15. cxd3 Qd7 16. Nf3 f6 17. Bc3 a5 18. Bd2 Bf8 19. Bc3 a4 20. b4 Na7 21. Qd2
Nb5 22. Bb2 Rxe2 23. Qxe2 Bh6 24. Re1 Kf7 25. Qc2 Ra6 26. Qc5 b6 27. Qc2 Ra8
28. Qe2 Re8 29. Qxe8+ Qxe8 30. Rxe8 Kxe8 31. Kf1 Bf8 32. Ne1 f5 33. Ke2 Bg7 34.
Nc2 c5 35. Ke3 cxd4+ 36. Bxd4 Nxd4 0-1

[Event "CAN op"]
[Site "Calgary CAN"]
[Date "2023.07.23"]
[Round "3.18"]
[White "Hoekman, Samuel"]
[Black "Gao, Lucy"]
[Result "1-0"]
[WhiteElo "2005"]
[BlackElo "1933"]
[PlyCount "123"]
[EventDate "2023.07.22"]
[EventType "swiss"]
[EventRounds "10"]
[EventCountry "CAN"]

1. d4 Nf6 2. c4 e6 3. g3 Bb4+ 4. Bd2 Bxd2+ 5. Nxd2 O-O 6. Bg2 d5 7. Ngf3 Nbd7
8. O-O c6 9. Rc1 Re8 10. Qc2 Qe7 11. Rfe1 e5 12. e4 dxc4 13. Nxc4 exd4 14. e5
Nd5 15. Nd6 Rd8 16. Nxd4 Nxe5 17. Nxc8 Raxc8 18. Qf5 Nb4 19. Rxe5 Qd6 20. Qf4
Nd3 21. Re8+ Rxe8 22. Qxd6 Nxc1 23. Bh3 Rcd8 24. Bd7 c5 25. Nf5 Ne2+ 26. Kf1
Nd4 27. Bxe8 Rxd6 28. Nxd6 Kf8 29. Ba4 b6 30. Nb5 Nxb5 31. Bxb5 Ke7 32. Ke2 Kd6
33. Kd3 f5 34. Bc4 h6 35. Bf7 g5 36. f4 g4 37. Kc4 a6 38. a4 Ke7 39. Bg8 Kd6
40. Bh7 Kc6 41. Bxf5 b5+ 42. axb5+ axb5+ 43. Kc3 Kd5 44. Bxg4 b4+ 45. Kc2 c4
46. Bh5 Kd4 47. Bf7 b3+ 48. Kd2 Ke4 49. Bxc4 Kf5 50. Bxb3 Kg4 51. Bd1+ Kf5 52.
b4 h5 53. Bxh5 Ke6 54. b5 Kd6 55. f5 Kd7 56. b6 Kc6 57. f6 Kxb6 58. f7 Kc7 59.
f8=Q Kd7 60. Qf6 Kc8 61. Qe7 Kb8 62. Qd7 1-0

[Event "CAN op"]
[Site "Calgary CAN"]
[Date "2023.07.23"]
[Round "3.19"]
[White "Chandra, Anand Rishi"]
[Black "McCoshen, Ricky"]
[Result "1-0"]
[WhiteElo "2199"]
[BlackElo "1717"]
[PlyCount "73"]
[EventDate "2023.07.22"]
[EventType "swiss"]
[EventRounds "10"]
[EventCountry "CAN"]

1. e4 c5 2. Nf3 d6 3. d4 cxd4 4. Nxd4 Nf6 5. Nc3 a6 6. Be3 e5 7. Nb3 Be7 8. f3
h5 9. Be2 Be6 10. Nd5 Bxd5 11. exd5 Nbd7 12. c4 Rc8 13. O-O O-O 14. Rc1 Re8 15.
Kh1 Bf8 16. Nd2 b5 17. b3 bxc4 18. Nxc4 e4 19. fxe4 Rxe4 20. Bg5 Be7 21. Bf3
Ng4 22. Bxe4 Bxg5 23. Rc2 Nde5 24. Bf5 Nxc4 25. Bxg4 hxg4 26. Rxc4 Rxc4 27.
bxc4 Qd7 28. Qc2 Bf6 29. Qf5 Qa4 30. Qc8+ Kh7 31. Qxg4 Qxa2 32. Qe4+ Kg8 33.
Qe8+ Kh7 34. Qxf7 Be5 35. Qf5+ Kg8 36. Rb1 Bb2 37. Qc2 1-0

[Event "CAN op"]
[Site "Calgary CAN"]
[Date "2023.07.23"]
[Round "3.20"]
[White "MacLeod, Damon"]
[Black "Yam, Alex"]
[Result "1-0"]
[WhiteElo "1889"]
[BlackElo "2362"]
[PlyCount "77"]
[EventDate "2023.07.22"]
[EventType "swiss"]
[EventRounds "10"]
[EventCountry "CAN"]

1. d4 Nf6 2. Nc3 d5 3. Bf4 Bf5 4. e3 c6 5. f3 h6 6. g4 Bh7 7. h4 Nbd7 8. Bd3
Bxd3 9. Qxd3 b5 10. Nh3 e6 11. g5 Nh5 12. O-O-O Qa5 13. g6 f6 14. Kb1 b4 15.
Ne2 Qb5 16. Qxb5 cxb5 17. e4 dxe4 18. fxe4 O-O-O 19. Be3 Re8 20. d5 exd5 21.
Rxd5 Rxe4 22. Bxa7 Ne5 23. Nd4 Rxh4 24. Rxb5 Ng3 25. Rd1 Rxh3 26. Rb8+ Kd7 27.
Rb7+ Kc8 28. Rb8+ Kd7 29. Rb7+ Kd6 30. Bb8+ Kd5 31. Rb5+ Ke4 32. Re1+ Kxd4 33.
Ba7+ Kc4 34. Ra5 Rh1 35. b3+ Kc3 36. Rxh1 Nxh1 37. Rd5 Be7 38. Be3 Rd8 39. Bd2#
1-0

[Event "CAN op"]
[Site "Calgary CAN"]
[Date "2023.07.23"]
[Round "3.21"]
[White "Zacharias, Nicholas"]
[Black "Sasata, Robert"]
[Result "0-1"]
[WhiteElo "1843"]
[BlackElo "2309"]
[PlyCount "36"]
[EventDate "2023.07.22"]
[EventType "swiss"]
[EventRounds "10"]
[EventCountry "CAN"]

1. e4 e5 2. f4 Nc6 3. Nf3 f5 4. d4 fxe4 5. Nxe5 d6 6. Nxc6 bxc6 7. d5 Nf6 8. c4
c5 9. Nc3 Bf5 10. b3 g6 11. Be2 Bg7 12. Bb2 h5 13. h3 Kf7 14. O-O h4 15. Bg4
Nh5 16. Qd2 Bd4+ 17. Kh2 Qf6 18. Rf2 e3 0-1

[Event "CAN op"]
[Site "Calgary CAN"]
[Date "2023.07.23"]
[Round "3.22"]
[White "Bince, Rolando"]
[Black "Yang, Ryan"]
[Result "0-1"]
[WhiteElo "1881"]
[BlackElo "2217"]
[PlyCount "152"]
[EventDate "2023.07.22"]
[EventType "swiss"]
[EventRounds "10"]
[EventCountry "CAN"]

1. e4 c5 2. Nf3 e6 3. d4 cxd4 4. Nxd4 Nc6 5. Nb5 Nf6 6. N1c3 Bb4 7. a3 Bxc3+ 8.
Nxc3 O-O 9. Bg5 h6 10. Bh4 Ne5 11. Be2 Ng6 12. Bg3 e5 13. O-O d6 14. Qd2 Qe7
15. Rad1 Rd8 16. Nd5 Nxd5 17. Qxd5 Be6 18. Qb5 Rac8 19. c4 h5 20. h3 h4 21. Bh2
Rc5 22. Qa4 a6 23. Rc1 Qg5 24. Kh1 Nf4 25. Bxf4 Qxf4 26. f3 Rdc8 27. Rc3 R5c6
28. Qb4 Qd2 29. Bd3 b5 30. Rfc1 bxc4 31. Bf1 Qd4 32. Qa4 Qb6 33. b4 g6 34. Qc2
R6c7 35. Rd1 Kg7 36. Qd2 Rc6 37. f4 exf4 38. Qxf4 a5 39. bxa5 Qxa5 40. Qe3 Qe5
41. Rb1 Qc5 42. Qe1 g5 43. Be2 Qe5 44. Bf3 Ra6 45. Qc1 Kg6 46. Rb4 Ra5 47. a4
Rca8 48. Bd1 Kh6 49. Re3 Qf4 50. Qc3 Re5 51. Bf3 Rc8 52. Rb6 Ra8 53. Rxd6 Rxa4
54. Rd1 Qf6 55. Rf1 Qg7 56. Bg4 Bxg4 57. hxg4 Re6 58. e5 Ra7 59. Rf5 Rae7 60.
Kh2 Kh7 61. Qc2 Kg8 62. Qc3 Re8 63. Re4 Kh7 64. Qe3 Kh6 65. Qf3 R8e7 66. Rf6+
Kh7 67. Qf5+ Kg8 68. Rxc4 Rxe5 69. Rc8+ Re8 70. Rxe8+ Rxe8 71. Qf3 Re6 72. Rf5
f6 73. Ra5 Qc7+ 74. g3 hxg3+ 75. Kh3 Qxa5 76. Qd3 Qc7 0-1

[Event "CAN op"]
[Site "Calgary CAN"]
[Date "2023.07.23"]
[Round "3.23"]
[White "Sembrano, Joshua"]
[Black "Kapra, Jerjis"]
[Result "1-0"]
[WhiteElo "1825"]
[BlackElo "2198"]
[PlyCount "69"]
[EventDate "2023.07.22"]
[EventType "swiss"]
[EventRounds "10"]
[EventCountry "CAN"]

1. d4 d5 2. Nc3 Nf6 3. Bf4 c5 4. e3 cxd4 5. exd4 a6 6. Nf3 Nc6 7. Ne5 Qb6 8.
Nxc6 Qxc6 9. Bd3 Bg4 10. Be2 Bxe2 11. Nxe2 e6 12. c3 Be7 13. Bg5 Bd6 14. Bf4
O-O 15. Bxd6 Qxd6 16. O-O b5 17. Nc1 b4 18. cxb4 Qxb4 19. Nb3 Ne4 20. Qd3 a5
21. f3 Nd6 22. Qc3 Rfb8 23. Rf2 Rb5 24. Rc1 g6 25. Nc5 Rc8 26. Qd3 Nf5 27. a3
Rbxc5 28. Rxc5 Qb7 29. Rfc2 Ra8 30. Qc3 Kg7 31. Rxa5 Rxa5 32. Qxa5 Nxd4 33. Qc3
e5 34. Qc7 Qxc7 35. Rxc7 1-0

[Event "CAN op"]
[Site "Calgary CAN"]
[Date "2023.07.23"]
[Round "3.24"]
[White "Henry, Liam"]
[Black "Williamson, Jason"]
[Result "1-0"]
[WhiteElo "2172"]
[BlackElo "1890"]
[PlyCount "71"]
[EventDate "2023.07.22"]
[EventType "swiss"]
[EventRounds "10"]
[EventCountry "CAN"]

1. e4 c5 2. Nf3 Nc6 3. d4 cxd4 4. Nxd4 Nf6 5. Nc3 e5 6. Ndb5 d6 7. Bg5 a6 8.
Na3 b5 9. Nd5 Be7 10. Bxf6 Bxf6 11. c4 b4 12. Nc2 a5 13. Be2 Bg5 14. O-O O-O
15. Qd3 f5 16. Bf3 f4 17. Rfd1 Bh6 18. a3 b3 19. Qxb3 Rb8 20. Qc3 g5 21. h3 Rb7
22. c5 g4 23. hxg4 Rg7 24. cxd6 Bxg4 25. Bxg4 Rxg4 26. f3 Qh4 27. Rd2 Nd4 28.
Nxd4 exd4 29. Qxd4 Bg7 30. Qf2 Rg3 31. Ne7+ Kh8 32. Nf5 Qg5 33. d7 Bf6 34. Rc1
Bd8 35. Rc8 h5 36. Qd4+ 1-0

[Event "CAN op"]
[Site "Calgary CAN"]
[Date "2023.07.23"]
[Round "3.25"]
[White "Ramalho, David"]
[Black "Nguyen, Kim"]
[Result "1/2-1/2"]
[WhiteElo "1803"]
[BlackElo "2145"]
[PlyCount "86"]
[EventDate "2023.07.22"]
[EventType "swiss"]
[EventRounds "10"]
[EventCountry "CAN"]

1. e4 c6 2. c4 d5 3. exd5 cxd5 4. cxd5 Qxd5 5. Nc3 Qd6 6. d4 Nf6 7. Nf3 e6 8.
Nb5 Qd8 9. Bf4 Bb4+ 10. Nd2 Nd5 11. Be5 O-O 12. a3 Be7 13. Nxa7 Bd7 14. Nb5 Qb6
15. Qb3 f6 16. Bxb8 Rfxb8 17. Nc3 Qxb3 18. Nxb3 Nxc3 19. bxc3 Bxa3 20. Kd2 Bc6
21. Bc4 Kf7 22. Rhe1 Bd7 23. Ra2 Bd6 24. Rea1 Rxa2+ 25. Rxa2 Bc6 26. g3 Rc8 27.
Ra7 Bg2 28. Be2 Rc7 29. f3 e5 30. Kd3 Bh3 31. Nd2 exd4 32. cxd4 Be6 33. Ke3 Bd5
34. Ne4 Bb4 35. Ra4 Be7 36. Ra5 Ke6 37. Nc5+ Bxc5 38. Rxc5 Rd7 39. Bc4 b6 40.
Bxd5+ Rxd5 41. Rc7 Rd7 42. Rc6+ Rd6 43. Rc7 Rd7 1/2-1/2

[Event "CAN op"]
[Site "Calgary CAN"]
[Date "2023.07.23"]
[Round "3.26"]
[White "Boehmer, Kris"]
[Black "Darvekar, Yash"]
[Result "0-1"]
[WhiteElo "2142"]
[BlackElo "1886"]
[PlyCount "52"]
[EventDate "2023.07.22"]
[EventType "swiss"]
[EventRounds "10"]
[EventCountry "CAN"]

1. d4 d5 2. c4 c6 3. Nf3 Nf6 4. e3 e6 5. b3 Bd6 6. Bb2 Nbd7 7. Bd3 O-O 8. O-O
Qc7 9. Nc3 Re8 10. e4 dxe4 11. Nxe4 Nxe4 12. Bxe4 Nf6 13. Bc2 Nd7 14. Qd3 f5
15. Rfe1 Nf6 16. Rad1 Bd7 17. Ne5 Rad8 18. Qf3 c5 19. Nxd7 Nxd7 20. g3 cxd4 21.
Rxd4 Ne5 22. Qc3 Bb4 23. Qxb4 Nf3+ 24. Kf1 Nxd4 25. Bd1 Qc6 26. Qc3 Qh1# 0-1

[Event "CAN op"]
[Site "Calgary CAN"]
[Date "2023.07.23"]
[Round "3.27"]
[White "Perelman, Leon"]
[Black "Hawkshaw, Kevin"]
[Result "1-0"]
[WhiteElo "2129"]
[BlackElo "1840"]
[PlyCount "53"]
[EventDate "2023.07.22"]
[EventType "swiss"]
[EventRounds "10"]
[EventCountry "CAN"]

1. c4 e5 2. Nc3 Nf6 3. Nf3 Nc6 4. e3 Bb4 5. Qc2 O-O 6. Nd5 Bc5 7. a3 a5 8. Ng5
g6 9. h4 d6 10. Bd3 Nxd5 11. cxd5 Ne7 12. h5 f5 13. Qc4 e4 14. Bc2 h6 15. Ne6
Bxe6 16. dxe6 Rf6 17. b4 axb4 18. Bb2 Qf8 19. axb4 Rxa1+ 20. Bxa1 Bb6 21. Bxf6
Qxf6 22. hxg6 Qxg6 23. Rh3 Kf8 24. Rg3 Qf6 25. Qc3 Qxe6 26. Qh8+ Ng8 27. Qg7+
1-0

[Event "CAN op"]
[Site "Calgary CAN"]
[Date "2023.07.23"]
[Round "3.28"]
[White "Gebhardt, David"]
[Black "Aljo, Johan"]
[Result "0-1"]
[WhiteElo "1771"]
[BlackElo "2124"]
[PlyCount "98"]
[EventDate "2023.07.22"]
[EventType "swiss"]
[EventRounds "10"]
[EventCountry "CAN"]

1. e4 c6 2. d4 d5 3. e5 Bf5 4. Bd3 Bxd3 5. Qxd3 Qa5+ 6. Bd2 Qa6 7. Qf3 e6 8.
Ne2 Nd7 9. O-O c5 10. c3 Ne7 11. Be3 Nc6 12. Nd2 g6 13. Rfd1 cxd4 14. cxd4 Bg7
15. Nb3 O-O 16. Ng3 Na5 17. Nxa5 Qxa5 18. h4 f6 19. exf6 Nxf6 20. Qe2 h5 21.
Qd3 Kh7 22. Ne2 Qa6 23. Qxa6 bxa6 24. Nf4 Rfe8 25. Rac1 Rab8 26. b3 Rb7 27. Rc6
Rbe7 28. Rxa6 Nd7 29. Rxa7 Nf8 30. Rxe7 Rxe7 31. Rc1 Ra7 32. Rc2 Bf6 33. g3 Be7
34. Kf1 Kg7 35. Ke2 Kf7 36. Nd3 Nd7 37. f3 Bf6 38. b4 Nb6 39. Nc5 Be7 40. Kd3
Nc4 41. Bc1 e5 42. dxe5 Nxe5+ 43. Ke3 Nc6 44. a3 Bf6 45. b5 Nd4 46. b6 Nxc2+
47. Kf4 Re7 48. a4 Nd4 49. a5 Ne2# 0-1

[Event "CAN op"]
[Site "Calgary CAN"]
[Date "2023.07.23"]
[Round "3.29"]
[White "Sasata, Alexander"]
[Black "Marchand, Calix"]
[Result "0-1"]
[WhiteElo "1736"]
[BlackElo "2101"]
[PlyCount "106"]
[EventDate "2023.07.22"]
[EventType "swiss"]
[EventRounds "10"]
[EventCountry "CAN"]

1. d4 Nf6 2. c4 e6 3. Nf3 Bb4+ 4. Nbd2 b6 5. a3 Bxd2+ 6. Bxd2 Bb7 7. g3 d6 8.
Bg2 Nbd7 9. O-O O-O 10. Qc2 Rc8 11. Rfd1 Qe7 12. Rac1 c5 13. dxc5 bxc5 14. b4
Rc7 15. b5 d5 16. cxd5 exd5 17. Bf4 Rcc8 18. Nh4 g6 19. Nf3 Ne4 20. h4 Rfe8 21.
Bh3 f5 22. Qa4 Nb6 23. Qxa7 Nc4 24. Rxc4 dxc4 25. Ne5 Nf6 26. Bg2 Bxg2 27. Qxe7
Rxe7 28. Kxg2 Rb7 29. a4 Ra8 30. Nxc4 Rxa4 31. Nd6 Rb6 32. Rc1 Rxf4 33. Nc8 Rb8
34. Ne7+ Kf7 35. Nc6 Rxf2+ 36. Kxf2 Rxb5 37. Ne5+ Ke6 38. Nf3 Ne4+ 39. Ke3 Nxg3
40. Ng5+ Ke5 41. Nxh7 Ne4 42. Kf3 Rb3+ 43. Kg2 Kd4 44. Nf8 Rg3+ 45. Kh2 Rg4 46.
Ne6+ Kd5 47. Nc7+ Kc6 48. Na6 Rxh4+ 49. Kg2 Kb6 50. Nb8 Kc7 51. Na6+ Kd6 52. e3
Rh8 53. Rd1+ Kc6 0-1

[Event "CAN op"]
[Site "Calgary CAN"]
[Date "2023.07.23"]
[Round "3.30"]
[White "Superceanu, Andi"]
[Black "Yang, Henry"]
[Result "1/2-1/2"]
[WhiteElo "2095"]
[BlackElo "1818"]
[PlyCount "79"]
[EventDate "2023.07.22"]
[EventType "swiss"]
[EventRounds "10"]
[EventCountry "CAN"]

1. e4 e5 2. Nf3 Nc6 3. Bb5 a6 4. Ba4 Nf6 5. O-O Be7 6. Re1 b5 7. Bb3 d6 8. c3
O-O 9. h3 Nb8 10. d4 Nbd7 11. Nbd2 Bb7 12. Bc2 Re8 13. Nf1 Bf8 14. Ng3 g6 15.
d5 c6 16. dxc6 Bxc6 17. Bg5 h6 18. Be3 Nc5 19. Bxc5 dxc5 20. Qe2 c4 21. a4 Qc7
22. Nd2 Nd7 23. axb5 axb5 24. Ngf1 Nc5 25. b3 cxb3 26. Nxb3 Nxb3 27. Bxb3 Rxa1
28. Rxa1 Qb7 29. f3 Bc5+ 30. Kh1 Qb6 31. Nd2 Kg7 32. Bc2 Ra8 33. Rxa8 Bxa8 34.
Nb3 Bf2 35. Bd3 Bc6 36. g4 Bg3 37. Kg2 Bh4 38. Na1 Qc5 39. c4 bxc4 40. Bxc4
1/2-1/2

[Event "CAN op"]
[Site "Calgary CAN"]
[Date "2023.07.23"]
[Round "3.31"]
[White "Wharton, Kayode"]
[Black "Zhu, Brandon"]
[Result "0-1"]
[WhiteElo "1728"]
[BlackElo "2084"]
[PlyCount "72"]
[EventDate "2023.07.22"]
[EventType "swiss"]
[EventRounds "10"]
[EventCountry "CAN"]

1. c4 g6 2. d4 Nf6 3. Nc3 d5 4. cxd5 Nxd5 5. e4 Nxc3 6. bxc3 Bg7 7. f4 c5 8.
Bb5+ Bd7 9. Bxd7+ Qxd7 10. Ne2 Qc6 11. d5 Qc7 12. O-O O-O 13. Rb1 c4 14. Be3
Nd7 15. Kh1 Nc5 16. Bxc5 Qxc5 17. Rxb7 Rab8 18. Rxb8 Rxb8 19. e5 Rd8 20. Nd4
Rxd5 21. Qa4 Rd8 22. Rb1 g5 23. Rb5 Qc7 24. g3 gxf4 25. gxf4 Bh6 26. f5 Be3 27.
Rb2 Qxe5 28. Rg2+ Kh8 29. Qxc4 Bxd4 30. cxd4 Qe1+ 31. Rg1 Qe4+ 32. Rg2 Rg8 33.
Qf1 Rxg2 34. Qxg2 Qe1+ 35. Qg1 Qxg1+ 36. Kxg1 Kg7 0-1

[Event "CAN op"]
[Site "Calgary CAN"]
[Date "2023.07.23"]
[Round "3.32"]
[White "Deepak, Laksshana"]
[Black "Wu, Jonathan"]
[Result "0-1"]
[WhiteElo "1681"]
[BlackElo "2075"]
[PlyCount "108"]
[EventDate "2023.07.22"]
[EventType "swiss"]
[EventRounds "10"]
[EventCountry "CAN"]

1. e4 c5 2. Nf3 d6 3. d4 cxd4 4. Nxd4 Nf6 5. Nc3 a6 6. f3 e6 7. Be3 Nbd7 8. g4
h6 9. Qd2 b5 10. O-O-O b4 11. Nce2 Qc7 12. Kb1 d5 13. exd5 Nxd5 14. Bf2 Bb7 15.
Bg3 Bd6 16. g5 Ne5 17. Bxe5 Bxe5 18. g6 Qb6 19. gxf7+ Kxf7 20. Ka1 Rad8 21. Bh3
Rhe8 22. Qc1 a5 23. Bg4 Nf6 24. Bxe6+ Rxe6 25. Nxe6 Rxd1 26. Rxd1 Qxe6 27. Nf4
Qf5 28. Nd3 Bd6 29. f4 Be4 30. Rf1 Bxd3 31. cxd3 Qxd3 32. Re1 Qf5 33. Qc4+ Qd5
34. Qf1 a4 35. Rd1 Qc5 36. Qf3 Be7 37. Kb1 Qc4 38. Re1 a3 39. Qe2 Qxe2 40. Rxe2
g6 41. bxa3 bxa3 42. Kc2 Bd6 43. Rf2 Ng4 44. Rd2 Bxf4 45. Rd4 g5 46. h4 Ne3+
47. Kb3 Nf5 48. Rd7+ Ke6 49. hxg5 hxg5 50. Rd1 Bd6 51. Kc3 g4 52. Rg1 g3 53.
Kb3 Ke5 54. Kc2 Kf4 0-1

[Event "CAN op"]
[Site "Calgary CAN"]
[Date "2023.07.23"]
[Round "3.33"]
[White "Liu, Zachary"]
[Black "Xu, Leon"]
[Result "1-0"]
[WhiteElo "2071"]
[BlackElo "1811"]
[PlyCount "101"]
[EventDate "2023.07.22"]
[EventType "swiss"]
[EventRounds "10"]
[EventCountry "CAN"]

1. c4 c6 2. Nf3 Nf6 3. Nc3 d5 4. e3 e6 5. b3 Nbd7 6. Bb2 Bd6 7. Be2 O-O 8. d4
dxc4 9. bxc4 e5 10. O-O b6 11. Qb3 Qc7 12. h3 Re8 13. Rfd1 Bb7 14. Rab1 Rab8
15. Qc2 a6 16. Bd3 exd4 17. exd4 h6 18. Ne4 Nxe4 19. Bxe4 Be7 20. Bh7+ Kh8 21.
Bf5 Bf6 22. Bc3 Rbd8 23. c5 bxc5 24. Qb3 Bc8 25. Qxf7 Re7 26. Qh5 Nf8 27. Bxc8
cxd4 28. Ba5 Qxc8 29. Bxd8 Qxd8 30. Qc5 Re6 31. Qc4 a5 32. Re1 Rd6 33. Ne5 Bxe5
34. Rxe5 d3 35. Rd1 Nd7 36. Re4 Nb6 37. Qf7 Kh7 38. Qf5+ Rg6 39. Rg4 Qf6 40.
Qxd3 Nd5 41. Qxg6+ Qxg6 42. Rxg6 Kxg6 43. Rc1 Kf7 44. Rxc6 Nb4 45. Rc7+ Kf6 46.
a3 Nd3 47. Ra7 Kg5 48. Rxg7+ Kh4 49. Ra7 h5 50. Rxa5 Nxf2 51. Rxh5+ 1-0